Jacint Verdaguer, poeta: 1845-1902

保存先:
書誌詳細
主要な著者: Benítez i Riera, Josep M (著者), Gómez i Oliver, Valentí (著者), Grilli, Giuseppe (著者), Rucabado, Carmen (著者)
フォーマット: 図書
言語:イタリア語
カタロニア語
出版事項: Roma Associació Catalans a Roma 1998
シリーズ:Col.lecció Set Turons Romans, 6
主題:
タグ: タグ追加
タグなし, このレコードへの初めてのタグを付けませんか!

MARC

LEADER 00000nam a2200000 a 4500
001 UCM7834
003 CL-VaPUC
008 030110e19980000IT |||||||||||||||||ita|d
041 0 7 |a ita  |2 CL-VaPUC 
041 0 7 |a cat  |2 CL-VaPUC 
082 0 4 |a 861.9  |b BEN  |2 21 
100 0 |a Benítez i Riera, Josep M  |e author  |9 473475 
700 0 |a Gómez i Oliver, Valentí  |e author  |9 473476 
700 0 |a Grilli, Giuseppe  |e author  |9 473477 
700 0 |a Rucabado, Carmen  |e author  |9 473478 
245 1 0 |a Jacint Verdaguer, poeta: 1845-1902 
300 |a 142 p 
942 |c BK 
945 |d 20030110 00:00:00  |a cmena 
260 |a Roma  |b Associació Catalans a Roma  |c 1998 
600 0 7 |a VERDAGUER, JACINTO  |2 CL-VaPUC  |9 378260 
650 0 |a Poesía española  |9 264938 
650 0 |a Crítica e interpretación literaria  |9 266284 
583 |a last modification  |c 20030110 00:00:00  |k Rodrigo Vera 
490 0 |a Col.lecció Set Turons Romans, 6 
999 |c 302494  |d 302492 
952 |0 0  |1 0  |4 0  |6 861_900000000000000_BEN_1998  |7 0  |8 A  |9 363110  |a BIBTEO  |b BIBTEO  |d 2019-11-21  |i 3815080  |o 861.9 BEN 1998  |p 3815080  |r 2025-01-17  |w 2019-11-21  |y BK  |k ICR